| 000 | 00577nam a2200205 i 4500 | ||
|---|---|---|---|
| 001 | 44360 | ||
| 003 | ES-MaACL | ||
| 005 | 20250930063047.0 | ||
| 007 | t| | ||
| 008 | 030321s1952 sp ||||1| spa d | ||
| 100 | 1 |
_aClarasó, Noel, _d1899-1985 _939003 |
|
| 245 | 1 | 0 |
_aConfesión / _cpor Noel Clarasó. |
| 250 | _a1ª ed. | ||
| 260 |
_aBarcelona : _bJuventud, _c[1952] ( _fAtenas) |
||
| 300 |
_a176 p. ; _c18 cm. |
||
| 490 | 1 | _aUna novela de crimen | |
| 830 | 0 |
_aUna novela de crimen _9229894 |
|
| 852 |
_aES-MaACL _jD-8149 _bR.32027 |
||
| 999 |
_c44360 _d44360 |
||